Rosco de Pasapalabra #83 - Estadísticas

Estadísticas generales
  • Esta prueba ha sido intentada 286 veces
  • La puntuación promedio es 12 de 25
Estadísticas de respuestas
Inicial Definición Respuesta % Correcto
O Número cardinal equivalente a siete más uno Ocho
91%
N Oficina donde despacha el notario Notaría
86%
B Alteración atmosférica, especialmente en el mar, con viento, lluvia y relámpagos Borrasca
83%
H Aparato donde se mezcla el hormigón Hormigonera
82%
M Cartílago que forma parte de la articulación de la rodilla y sirve para facilitar el juego de ésta Menisco
77%
S Tiempo inmediatamente posterior a una comida durante el cual los comensales siguen reunidos Sobremesa
75%
A Disco o conjunto de discos sonoros, de larga duración Álbum
71%
P Espacio cerrado con paredes o galerías, que en las casas y otros edificios se suele dejar al descubierto Patio
65%
E Fantasma o figura irreal, normalmente terrorífica, que alguien ve o se imagina como si fuera real Espectro
63%
J Orden mística y monacal de caballeros del universo ficticio de la saga de películas "Star Wars" Jedi
62%
Contiene la Y Tercera persona del singular del futuro de indicativo del verbo subrayar Subrayará
61%
T Vestidura larga, generalmente negra, que usan jueces, letrados y catedráticos en determinados actos Toga
60%
F Relación de películas de un mismo cineasta, actor, director o guionista Filmografía
57%
G Abundancia de carnes y grasas en las personas y animales Gordura
56%
C Persona que lleva a hombros un paso de una procesión Costalero
50%
Contiene la X Obsesión patológica por desarrollar la musculatura Vigorexia
42%
U Se dice de la persona, especialmente un monarca o un sacerdote, que ha sido signada con el óleo santo Ungido
40%
I Que ejecuta algo a ejemplo o semejanza de otra cosa Imitador
35%
Z Mamífero marsupial americano, trepador, de aspecto similar a la rata, hocico alargado, pelaje gris y cola prensil Zarigüeya
33%
D Pañal desechable de celulosa Dodotis
27%
Contiene la Q Estudiada afectación en los modales y adornos Coquetería
5%
V Apellido del escritor autor de la obra "Balada de Caín" Vicent
2%
Contiene la Ñ Sentencia dada en un pleno Fazaña
1%
L Carrito de mano para recoger basuras Lutocar
1%
R Apellido del atleta que ganó la maratón de Nueva York en 2004, en la categoría masculina Ramaala
1%
No se encontraron pruebas coincidentes
Distribución de puntuación
Porcentaje de gente con cada puntuación
Porcentaje por número respondido
Historial de tus puntuaciones
No has intentado esta prueba.